Teora̕ general del proceso

Detalles Bibliográficos
Autor principal: Romaniello, Carmine
Formato: Desconocido
Lenguaje:español
Publicado: Caracas : Fondo Editorial Universidad Antonio Romaniello, 2004
Materias:
Acceso en línea:Acceso restringido

MARC

LEADER 00000ny a22000003n 4500
005 20110622115914.0
008 100809s2010 ve 000 0 spa d
010 |a 2005375868 
020 |a 6920046581939 
035 |a 4990 
040 |a DLC  |c BUS  |d vLex 
043 |a s-ve--- 
080 |a 347.9(87) 
090 |c 994  |d 994 
100 1 |a Romaniello, Carmine 
245 1 0 |a Teora̕ general del proceso  |h [Recurso electrn̤ico]  |c Carmine Romaniello ; prl̤ogo Dr. Pedro Alid Zoppli 
256 |a Servicio en ln̕ea 
260 |a Caracas :  |b Fondo Editorial Universidad Antonio Romaniello,  |c 2004 
300 |a 870 p.  
506 1 |a Contenido solo disponible en los productos indicados  |d vLex Global  |d vLex Global (Academic Edition, excluding Law Schools)  |d vLex Global (U.S. Academic Edition, Law Schools)  |d vLex Global (U.S. Academic Edition, excluding Law Schools)  |d vLex Global (Academic Edition, Law Schools) 
650 0 4 |a Procedimiento (Derecho)  |z Venezuela  
740 0 |a vLex Libros (Servicios en ln̕ea) 
856 4 0 |u http://vlex.com/source/4990  |z Acceso restringido 
942 |c BOOK 
999 0 |a Procedure (Law)  |z Venezuela.